| 000 | 00496nam a22001937a 4500 | ||
|---|---|---|---|
| 005 | 20251108175227.0 | ||
| 008 | 250721s9999 xx 000 0 ara d | ||
| 020 | _a072141625X | ||
| 082 | 1 | 4 | _aJ/F/MUR |
| 100 | 1 | _aMURRAY، WILLIAM | |
| 245 | 1 | 0 | _aMAGIC MUSIC / |
| 264 | 1 |
_aLONDON : _bLADYBIRD BOOKS، _c[200-]. |
|
| 300 | _a41 P. | ||
| 650 | 1 | 7 | _aFICTION |
| 650 | 1 | 7 | _aCHILDREN |
| 653 | _aأطفال مرحلة متوسطة ( 6 - 9 سنوات ) | ||
| 942 |
_2ddc _cBK |
||
| 999 |
_c129162 _d129162 |
||